| Tag |
First Indicator |
Second Indicator |
Subfields |
| LEADER |
00000cam a2200000 4500 |
| 001 |
in00000022645 |
| 005 |
20151007064100.0 |
| 008 |
750303s1959 ag 00000 spa u |
| 010 |
|
|
|a 61037913
|
| 035 |
|
|
|a (OCoLC)01196715
|
| 035 |
|
|
|9 AAD9001AM
|
| 040 |
|
|
|c TEU
|d TXA
|d UtOrBLW
|
| 049 |
|
|
|a TXAM
|c [339884]
|
| 050 |
|
0 |
|a PQ7797.L88
|b Z85
|
| 092 |
|
|
|a 863
|b L987Ys
|
| 100 |
1 |
|
|a Salama, Roberto.
|
| 245 |
1 |
0 |
|a Benito Lynch.
|
| 264 |
|
1 |
|a [Buenos Aires] :
|b La Mandragora,
|c [1959]
|
| 300 |
|
|
|a 318 pages ;
|c 18 cm.
|
| 336 |
|
|
|a text
|b txt
|2 rdacontent
|
| 337 |
|
|
|a unmediated
|b n
|2 rdamedia
|
| 338 |
|
|
|a volume
|b nc
|2 rdacarrier
|
| 600 |
1 |
0 |
|a Lynch, Benito,
|d 1880-1951.
|
| 999 |
|
|
|a MARS
|
| 999 |
f |
f |
|s 9dbcef16-4fcb-3681-949a-12f2395da0a5
|i 126fa3a5-632d-36ec-b978-f85206f13c11
|t 0
|
| 952 |
f |
f |
|p ric
|a Texas A&M University
|b Rellis Campus
|c Joint Library Facility
|d Remote Storage
|t 0
|e PQ7797.L88 Z85
|h Library of Congress classification
|i unmediated -- volume
|m A14801384802
|
| 998 |
f |
f |
|a PQ7797.L88 Z85
|t 0
|l Remote Storage
|